000 00415nam a2200169Ia 4500
008 180921t2015 xxu||||| |||| 00| 1 sin d
041 _asin
080 _aX8C31
_bRAS
100 _aRasinarachchi, Mangala Somalal
245 _aපතිත
246 _aPathitha
260 _bPahan Prakashana
_aColombo
_c2015
300 _a289p., 21cm
942 _cBK
999 _c8238
_d8238
003 LK-CoDNM
040 _aLK-CoDNM
_dLK-CoDNM
_eLK-CoDNM